| 000 | 00792nam a2200253Ia 4500 | ||
|---|---|---|---|
| 003 | OSt | ||
| 005 | 20221005104334.0 | ||
| 006 | a|||||r|||| 00| 0 | ||
| 007 | ta | ||
| 008 | 221004b |||||||| |||| 00| 0 hin d | ||
| 024 | _a23510 | ||
| 037 | _cTextual | ||
| 040 |
_aCRL _cCRL _bhin |
||
| 041 |
_2hin _ahin |
||
| 082 | _aU8.2.g7H, 152M7 | ||
| 100 | _aजगन सिंह | ||
| 245 | 0 | _aहिमालय के साथ - साथ | |
| 246 | _aHimālaya ke sāth - sātha | ||
| 260 |
_aदिल्ली _bप्रासंगिक प्रकाशन भारत _c1987 |
||
| 300 |
_a158पृ0 _ccm. |
||
| 650 | _aभारतीय-भूगोल | ||
| 942 |
_hU8.2.g7H, 152M7 _cTEXL _2cc |
||
| 999 |
_c1012411 _d1012411 |
||